Statistics for Post Malone Lyrics

Click here to take the quiz!

General Stats

  • This quiz has been taken 785 times
  • The average score is 9 of 15

Answer Stats

HintAnswer% Correct
How could I make sense when I got millions on my mind?Congratulations
85%
She told me that I’m not enoughI Fall Apart
83%
I ain’t rich yet, but you know I ain’t brokeWhite Iverson
82%
Gold on my teeth and on my neckGo Flex
80%
Ever since the very first day that I been poppin’No Option
62%
I swear we been here beforeDeja Vu
60%
Counting bands, hallelujahToo Young
60%
Thought I was winning, you knew I was losingFeeling Whitney
57%
Girl you know I’m only into myselfBig Lie
55%
Then I went to California and I ain’t never comin’ backLeave
54%
Diamonds my state of mind, I’m drownin’ in the oceanCold
51%
Don’t mean to brag, but can you blame me?Patient
50%
Every 20 minutes, change clothesMoney Made Me Do It
50%
And if everything gone bad, we gon’ make it alrightYours Truly, Austin Post
45%
I feel the change in the air tonightHit This Hard
42%

Score Distribution

Percentile by Number Answered

Percent of People with Each Score

Your Score History

You have not taken this quiz